Countries of Europe - 1900 AD - Statistics

General Stats
  • This quiz has been taken 149 times
  • The average score is 22 of 25
Answer Stats
Answer % Correct
Portugal
98%
United Kingdom
98%
Austria-Hungary
97%
Sweden
97%
Denmark
95%
France
95%
Germany
95%
Italy
95%
Netherlands
95%
Spain
95%
Russia
94%
Belgium
92%
Andorra
91%
Greece
89%
Luxembourg
89%
Romania
89%
San Marino
89%
Bulgaria
88%
Liechtenstein
86%
Serbia
86%
Switzerland
86%
Monaco
84%
Vatican City
79%
Montenegro
73%
Ottoman Empire
71%
No matching quizzes found
Score Distribution
Percent of People with Each Score
Percentile by Number Answered
Your Score History
You have not taken this quiz